000 00684nam a2200265Ia 4500
005 20260302115934.0
008 008 260114s9999 xx 000 0 eng d
020 _a9781509911158
037 _aTextbook
040 _aCRL
040 _beng
040 _cCRL
041 _2eng
041 _aeng
084 _qCRL
100 _aChukwuma Okoli and Richard Oppong
_91123127
245 0 _aPrivate International Law in Nigeria
260 _bBloomsbury
260 _bHart Publishing
260 _c2020
650 _aLaw
856 _uhttps://dx.doi.org/10.5040/9781509911158?locatt=label:secondary_bloomsburyCollections
942 _cEBOOK
999 _c1687993
_d1687993